La farce en France. De 1450 a 1550
Salvato in:
| Autore principale: | |
|---|---|
| Natura: | Libro |
| Lingua: | Undetermined |
| Pubblicazione: |
París, Francia
CDU Sedes
1976
|
| Soggetti: | |
| Tags: |
Aggiungi Tag
Nessun Tag, puoi essere il primo ad aggiungerne!!
|
MARC
| LEADER | 00000nam a2200000Ia 4500 | ||
|---|---|---|---|
| 008 | 170316s9999 xx 000 0 und d | ||
| 090 | |a 801 T-9f v.2 | ||
| 100 | |a Tissier, André | ||
| 245 | |a La farce en France. De 1450 a 1550 | ||
| 260 | |a París, Francia | ||
| 260 | |b CDU Sedes | ||
| 260 | |c 1976 | ||
| 300 | |a 314 páginas | ||
| 650 | |a TEORÍA LITERARIA | ||
| 999 | |c 20712 |d 20712 | ||
| 040 | |a cru BVZT | ||
| 942 | |c 15 D |h 801 T-9f v.2 |2 z | ||
